Songs from the First Line(s) - 2009 - Statistics

General Stats
  • This quiz has been taken 170 times
  • The average score is 12 of 30
Answer Stats
Hint Answer % Correct
Songs Tonight's the night / Let's live it up / I got my money / Let's spend it up (I feel-) Artist(s) The Black Eyed Peas
71%
Songs Tonight's the night / Let's live it up / I got my money / Let's spend it up (I feel-) Song I Gotta Feeling
66%
Songs You're on the phone with your girlfriend, she's upset / She's going off about something that you said Artist(s) Taylor Swift
64%
Songs Shawty's like a melody in my head / That I can't keep out, got me singing like​ / Na-na-na-na, every day Song Replay
62%
Songs Remember those walls I built? / Well, baby, they're tumblin' down / And they didn't even put up a fight Artist(s) Beyoncé
58%
Songs Beautiful girls all over the world / I could be chasin', but my time would be wasted Artist(s) B.o.B / Bruno Mars
57%
Songs Your lipstick stains / On the front lobe of my left-side brains / I knew I wouldn't forget you Song Hey, Soul Sister
57%
Songs Remember those walls I built? / Well, baby, they're tumblin' down / And they didn't even put up a fight Song Halo
55%
Songs You're on the phone with your girlfriend, she's upset / She's going off about something that you said Song You Belong with Me
54%
Songs Feel it comin' in the air (Yeah) / Hear the screams from everywhere (Yeah) / I'm addicted to the thrill (I'm ready) Artist(s) Jay-Z / Rihanna / Kanye West
53%
Songs Your lipstick stains / On the front lobe of my left-side brains / I knew I wouldn't forget you Artist(s) Train
53%
Songs Beautiful girls all over the world / I could be chasin', but my time would be wasted Song Nothin' on You
51%
Songs Yeah, I'm out that Brooklyn, now I'm down in Tribeca / Right next to De Niro, but I'll be hood forever Artist(s) Jay-Z / Alicia Keys
49%
Songs I can almost see it / That dream I'm dreaming, but / There's a voice inside my head saying / "You'll never reach it" Artist(s) Miley Cyrus
48%
Songs Yeah, I'm out that Brooklyn, now I'm down in Tribeca / Right next to De Niro, but I'll be hood forever Song Empire State of Mind
46%
Songs I can almost see it / That dream I'm dreaming, but / There's a voice inside my head saying / "You'll never reach it" Song The Climb
42%
Songs We are the crowd, we're c-comin' out / Got my flash on, it's true / Need that picture of you, it's so magical Artist(s) Lady Gaga
33%
Songs You oughta know / Tonight is the night to let it go / Put on a show / I wanna see how you lose control Artist(s) Jay Sean / Lil Wayne
32%
Songs You gotta help me out / It's all a blur last night / We need a taxi / 'Cause you're hungover and I'm broke Artist(s) Katy Perry
30%
Songs We are the crowd, we're c-comin' out / Got my flash on, it's true / Need that picture of you, it's so magical Song Paparazzi
30%
Songs Shawty's like a melody in my head / That I can't keep out, got me singing like​ / Na-na-na-na, every day Artist(s) Iyaz
27%
Songs Picture perfect memories / Scattered all around the floor / Reachin' for the phone 'cause I can't fight it anymore Song Need You Now
23%
Songs Picture perfect memories / Scattered all around the floor / Reachin' for the phone 'cause I can't fight it anymore Artist(s) Lady Antebellum
20%
Songs You oughta know / Tonight is the night to let it go / Put on a show / I wanna see how you lose control Song Down
18%
Songs Feel it comin' in the air (Yeah) / Hear the screams from everywhere (Yeah) / I'm addicted to the thrill (I'm ready) Song Run This Town
18%
Songs Oh, I've been travelin' on this road too long (Too long) / Just tryin' to find my way back home (Back home) Artist(s) T.I. / Justin Timberlake
17%
Songs Hey, walk out of the house with my swagger / Hop in, there we go, I got places to go / People to see, time is precious Artist(s) Flo Rida
12%
Songs You gotta help me out / It's all a blur last night / We need a taxi / 'Cause you're hungover and I'm broke Song Waking Up in Vegas
12%
Songs Oh, I've been travelin' on this road too long (Too long) / Just tryin' to find my way back home (Back home) Song Dead and Gone
10%
Songs Hey, walk out of the house with my swagger / Hop in, there we go, I got places to go / People to see, time is precious Song Right Round
6%
No matching quizzes found
Score Distribution
Percent of People with Each Score
Percentile by Number Answered
Your Score History
You have not taken this quiz